Ventas-marketing-publicidad / (Registro nro. 189834)

Detalles MARC
000 -LEADER
campo de control de longitud fija 00763nam a2200217 i 4500
001 - NÚMERO DE CONTROL
campo de control 189834
003 - IDENTIFICADOR DE NÚMERO DE CONTROL
campo de control ES-MaACL
005 - FECHA Y HORA DE LA ÚLTIMA TRANSACCIÓN
campo de control 20250902025141.0
008 - DATOS DE LONGITUD FIJA--INFORMACIÓN GENERAL
campo de control de longitud fija 191203s1978 sp |||| | spa d
100 1# - ENTRADA PRINCIPAL--NOMBRE DE PERSONA
Nombre de persona Perrot-Desnoix, Philippe.
9 (RLIN) 168977
245 10 - MENCIÓN DEL TÍTULO
Título Ventas-marketing-publicidad /
Mención de responsabilidad, etc. [por] Philippe Perrot-Desnoix... ; traducido [del francés] por Higinio Guillamón Reyes.
250 ## - MENCION DE EDICION
Mención de edición 3ª ed.
260 ## - PUBLICACIÓN, DISTRIBUCIÓN, ETC.
Lugar de publicación, distribución, etc. Bilbao :
Nombre del editor, distribuidor, etc. Deusto,
Fecha de publicación, distribución, etc. [1978]
300 ## - DESCRIPCIÓN FÍSICA
Extensión 284 p. :
Otras características físicas il. ;
Dimensiones 22 cm.
490 1# - MENCIÓN DE SERIE
Mención de serie Enciclopedia de la Empresa Moderna ;
Designación de volumen o secuencia 8
650 07 - PUNTO DE ACCESO ADICIONAL DE MATERIA--TÉRMINO DE MATERIA
Término de materia o nombre geográfico como elemento de entrada Marketing
Fuente del encabezamiento o término embne
9 (RLIN) 14796
700 0# - ENTRADA AGREGADA--NOMBRE PERSONAL
Nombre de persona Guillamón Reyes, Higinio.
9 (RLIN) 193426
830 00 - PUNTO DE ACCESO ADICIONAL DE SERIE-TÍTULO UNIFORME
Título uniforme Enciclopedia de la empresa moderna
Designación de volumen o secuencia 8
9 (RLIN) 193420
852 ## - LOCALIZACIÓN
Ubicación ES-MaACL
Número de control de estantería P-1093-8
Existencias
Estatus retirado Estado de pérdida Estado de daño No para préstamo Biblioteca de origen Biblioteca actual Ubicación en estantería Fecha de adquisición Fuente de adquisición Total de préstamos Signatura topográfica completa Código de barras Visto por última vez Precio de reemplazo Tipo de ítem Koha
        Biblioteca del Ateneo de Madrid Biblioteca del Ateneo de Madrid Depósito 2 03/12/2019     P-1093-8 1201347 23/02/2023 23/02/2023 Libro impreso